Encyclopedia of Applied Physics Index to Volumes 1-15

Gespeichert in:
Bibliographische Detailangaben
Weitere Verfasser: Trigg, George L. 1925 (Herausgegeben von)
Format: Buch
Sprache:Englisch
Veröffentlicht: New York VCH Publ. 1996
Ausgabe:1. ed.
Schlagworte:
Online-Zugang:Im OPAC anzeigen
Tags: Tag hinzufügen
Keine Tags, Fügen Sie das erste Tag hinzu!

MARC

LEADER 00000nam a2200000 a 4500
005 20260127134404.0
008 090514 1996 xxu 000 0 eng d
020 |a 3527268413 (set) 
020 |a 3527293035 (Index 1-15) 
035 |a vtls009512554 
039 9 |y 200905141115  |z mschk03 
040 |a STUSCHK1  |b slo  |c STUSCHK1  |e AACR2 
080 |a 53:621(03) 
245 1 |a Encyclopedia of Applied Physics  |b Index to Volumes 1-15  |c Edited by George L. Trigg 
250 |a 1. ed. 
260 |a New York  |b VCH Publ.  |c 1996 
300 |a 130 s.  |b il.  |c 26 cm 
650 0 |a fyzika 
650 0 |a aplikovaná fyzika 
650 0 |a encyklopedia 
700 1 |a Trigg, George L.  |d 1925  |4 edt 
910 |a SCHK95 
919 |a 1-527-26841-3 (set) 
919 |a 3-527-29303-5 (Index 1-15) 
999 |c 11538  |d 11538